<?xml version="1.0" encoding="UTF-8"?>
<record
    xmlns:xsi="http://www.w3.org/2001/XMLSchema-instance"
    xsi:schemaLocation="http://www.loc.gov/MARC21/slim http://www.loc.gov/standards/marcxml/schema/MARC21slim.xsd"
    xmlns="http://www.loc.gov/MARC21/slim">

  <leader>04373nam a2200313 a 4500</leader>
  <controlfield tag="003">OSt</controlfield>
  <controlfield tag="005">20260423133214.0</controlfield>
  <controlfield tag="007">cr ||||||a|c|a</controlfield>
  <controlfield tag="008">251118s2025    mx a|||fo|||| 00| 0 spa d</controlfield>
  <datafield tag="020" ind1=" " ind2=" ">
    <subfield code="a">978-607-12-0683-1</subfield>
  </datafield>
  <datafield tag="040" ind1=" " ind2=" ">
    <subfield code="c">CHAP</subfield>
    <subfield code="e">rda</subfield>
  </datafield>
  <datafield tag="100" ind1="1" ind2=" ">
    <subfield code="a">Ram&#xED;rez Garc&#xED;a, Ad&#xE1;n Guillermo</subfield>
    <subfield code="9">94003</subfield>
  </datafield>
  <datafield tag="245" ind1=" " ind2=" ">
    <subfield code="a">Sostenibilidad y autosuficiencia alimentaria para zonas &#xE1;ridas /</subfield>
    <subfield code="c">Ad&#xE1;n Guillermo Ram&#xED;rez Garc&#xED;a, Alejandro Ismael Monterroso Rivas y Rodolfo Montes Renter&#xED;a</subfield>
  </datafield>
  <datafield tag="250" ind1=" " ind2=" ">
    <subfield code="a">Primera edici&#xF3;n.</subfield>
  </datafield>
  <datafield tag="264" ind1=" " ind2="1">
    <subfield code="a">M&#xE9;xico:</subfield>
    <subfield code="b">Universidad Aut&#xF3;noma Chapingo,</subfield>
    <subfield code="c">2025.</subfield>
  </datafield>
  <datafield tag="300" ind1=" " ind2=" ">
    <subfield code="a">1 recurso en l&#xED;nea (160 p&#xE1;ginas).</subfield>
  </datafield>
  <datafield tag="336" ind1=" " ind2=" ">
    <subfield code="2">rdacontent</subfield>
    <subfield code="a">texto</subfield>
    <subfield code="b">txt</subfield>
  </datafield>
  <datafield tag="337" ind1=" " ind2=" ">
    <subfield code="2">rdamedia</subfield>
    <subfield code="a">sin medio</subfield>
    <subfield code="b">n</subfield>
  </datafield>
  <datafield tag="338" ind1=" " ind2=" ">
    <subfield code="2">rdacarrier</subfield>
    <subfield code="a">volumen</subfield>
    <subfield code="b">nc</subfield>
  </datafield>
  <datafield tag="504" ind1=" " ind2=" ">
    <subfield code="a"> </subfield>
  </datafield>
  <datafield tag="520" ind1=" " ind2=" ">
    <subfield code="a">El libro Sostenibilidad y autosuficiencia alimentaria para zonas &#xE1;ridas constituye una contribuci&#xF3;n acad&#xE9;mica relevante para abordar los complejos desaf&#xED;os de la seguridad h&#xED;drica y alimentaria en regiones &#xE1;ridas. Responde a la necesidad de articular estrategias integrales que promuevan la sostenibilidad de la agricultura y la autosuficiencia alimentaria, especialmente en &#xE1;reas donde el agua y en general los recursos naturales son limitados y las comunidades enfrentan riesgos significativos para su subsistencia. En el Cap&#xED;tulo I: Agroecolog&#xED;a de zonas &#xE1;ridas. Un enfoque para la sostenibilidad de la agricultura, se establecen las bases conceptuales y pr&#xE1;cticas de la agroecolog&#xED;a aplicada a regiones &#xE1;ridas. Se analiza c&#xF3;mo los principios agroecol&#xF3;gicos permiten optimizar los recursos locales, conservar la biodiversidad y mejorar la resiliencia de los sistemas agr&#xED;colas. El Cap&#xED;tulo II: Hacia la autosuficiencia alimentaria, se aborda el fortalecimiento de la agricultura campesina, la seguridad alimentaria en comunidades rurales y el rol de la agricultura campesina en la seguridad alimentaria y el desarrollo rural. Asimismo, se analizan los desaf&#xED;os que enfrenta la agricultura campesina en la seguridad alimentaria en zonas &#xE1;ridas y la propuesta de algunas v&#xED;as para la amplificaci&#xF3;n de la agroecolog&#xED;a. En el Cap&#xED;tulo III: Seguridad h&#xED;drica en zonas &#xE1;ridas, se analiza la gesti&#xF3;n sostenible del agua como elemento central para la vida y la producci&#xF3;n en regiones &#xE1;ridas. Este cap&#xED;tulo ofrece un enfoque sobre la importancia de la seguridad h&#xED;drica y la agroecolog&#xED;a en zonas &#xE1;ridas en el contexto de la escasez de agua y su impacto en la agricultura, por lo que, se resalta la importancia del manejo integrado del agua a nivel local. El Cap&#xED;tulo IV, presenta dos resultados de investigaci&#xF3;n, el primero, analiza los retos de la seguridad alimentaria ante el cambio clim&#xE1;tico en el sur de Sonora, M&#xE9;xico, mientras que el segundo, propone un prototipo hacia la soberan&#xED;a alimentaria para el pueblo Yoeme. Como estudios de caso, el sur de Sonora y el territorio del pueblo Yaqui, se analizan los impactos espec&#xED;ficos del cambio clim&#xE1;tico en los sistemas agr&#xED;colas actualmente presentes y muestra un prototipo de soberan&#xED;a alimentaria basado en el fortalecimiento de pr&#xE1;cticas agroecol&#xF3;gicas, el respeto a los saberes ancestrales y el empoderamiento comunitario. Este libro es una herramienta valiosa para investigadores, tomadores de decisiones, agricultores y estudiantes interesados en la construcci&#xF3;n de sistemas resilientes y sostenibles en zonas &#xE1;ridas. Su enfoque multidimensional combina an&#xE1;lisis te&#xF3;ricos, propuestas pr&#xE1;cticas y estudios de caso que destacan la urgencia de integrar la sostenibilidad, la seguridad h&#xED;drica y la autosuficiencia alimentaria como pilares fundamentales frente a los desaf&#xED;os globales actuales. Busca sentar las bases para la transformaci&#xF3;n de los sistemas agr&#xED;colas hacia una mayor justicia social, ambiental y econ&#xF3;mica con el fin de reflexionar y concientizar sobre la necesidad de la reconversi&#xF3;n productiva hacia una agricultura sostenible y que contribuya a la soberan&#xED;a alimentaria.</subfield>
  </datafield>
  <datafield tag="650" ind1=" " ind2="4">
    <subfield code="a">Industria alimentaria</subfield>
    <subfield code="x">Producci&#xF3;n  </subfield>
    <subfield code="9">149004</subfield>
  </datafield>
  <datafield tag="650" ind1=" " ind2="4">
    <subfield code="a">Soberan&#xED;a alimentaria</subfield>
    <subfield code="z">M&#xE9;xico</subfield>
    <subfield code="9">136473</subfield>
  </datafield>
  <datafield tag="650" ind1=" " ind2="4">
    <subfield code="a">Agua</subfield>
    <subfield code="x">Abastecimiento</subfield>
    <subfield code="x">Regiones &#xE1;ridas</subfield>
    <subfield code="9">2261</subfield>
  </datafield>
  <datafield tag="700" ind1="1" ind2=" ">
    <subfield code="a">Monterroso Rivas, Alejandro Ismael</subfield>
    <subfield code="9">77837</subfield>
  </datafield>
  <datafield tag="700" ind1="1" ind2=" ">
    <subfield code="a">Montes Renter&#xED;a, Rodolfo</subfield>
    <subfield code="9">77898</subfield>
  </datafield>
  <datafield tag="856" ind1="4" ind2="0">
    <subfield code="u">http://10.13.5.2/libros/ISBN_978-607-12-0683-1.pdf</subfield>
    <subfield code="y">DESCARGAR PDF</subfield>
  </datafield>
  <datafield tag="942" ind1=" " ind2=" ">
    <subfield code="2">local</subfield>
    <subfield code="c">E-LIBRO</subfield>
  </datafield>
  <datafield tag="999" ind1=" " ind2=" ">
    <subfield code="c">233113</subfield>
    <subfield code="d">233113</subfield>
  </datafield>
  <datafield tag="952" ind1=" " ind2=" ">
    <subfield code="0">0</subfield>
    <subfield code="1">0</subfield>
    <subfield code="2">local</subfield>
    <subfield code="4">0</subfield>
    <subfield code="5">1</subfield>
    <subfield code="7">0</subfield>
    <subfield code="8">E-LIBRO</subfield>
    <subfield code="a">BD</subfield>
    <subfield code="b">BD</subfield>
    <subfield code="c">E_L</subfield>
    <subfield code="d">2025-11-18</subfield>
    <subfield code="l">0</subfield>
    <subfield code="r">2025-11-18 14:44:46</subfield>
    <subfield code="w">2025-11-18</subfield>
    <subfield code="y">E-LIBRO</subfield>
    <subfield code="z">PDF</subfield>
  </datafield>
</record>
